Recuentos para Demian. (Registro nro. 3231)

Detalles MARC
000 -LEADER
fixed length control field 00983nam a2200193 a 4500
008 - CAMPO DE CONTROL (LIBRO)
fixed length control field 180918e1999 ag ||||g||||| 00| 1|spa d
020 ## - INTERNATIONAL STANDARD BOOK NUMBER
ISBN 9509681644
041 ## - CODIGO DE IDIOMA
Código de idioma del texto/pista de sonido o título separado spa
092 ## - SIGNATURA TOPOGRAFICA DEWEY LOCAL
número de clasificación 808
libristica 9
sección BUC
100 1# - ENTRADA PRINCIPAL--NOMBRE PERSONAL
Nombre personal Bucay, Jorge.
9 (RLIN) 3514
245 ## - TITULO PROPIAMENTE DICHO
Título Recuentos para Demian.
Subtítulo y Título paralelo Los cuentos que contaba mi analista /
Mención de responsabilidad y remanente de la transcripción de la portada Jorge Bucay
250 ## - MENCION DE EDICION
Mención de edición 2a ed. 3ra reimp.
260 ## - PIE DE IMPRENTA
Lugar de publicación, distribución, etc Buenos Aires:
Nombre de la editorial, distribuidor, etc Nuevo Extremo;
Fecha de publicación 1999.
300 ## - DESCRIPCION FISICA
Extension 281 p.
500 ## - NOTA GENERAL
Nota general Bucay, J. (1999). Recuentos para Demian. Los cuentos que contaba mi analista. (2a ed.). Buenos Aires : Nuevo Extremo.
505 ## - NOTA DE CONTENIDO
Nota de contenido formateada En Recuentos para Demian nos sumerge en una cuidada antología de cuentos clásicos, modernos o populares, seleccionados y reescritos por el autor para extraerles todo su contenido terapéutico. A este "re-contar" se agrega la didáctica guía del autor que con la excusa de la trama, nos lleva de la mano por el camino de saber más sobre nosotros mismos.
655 ## - MATERIA - GENERO/FORMA
Género/Forma Literatura
-- 2917
942 ## - ADDED ENTRY ELEMENTS (KOHA)
Source of classification or shelving scheme Dewey Decimal Classification
Item type LITERATURA
Existencias
Estado de retiro Existencia Fuente de clasificación Estado general No para prestamo Ubicación permanente ubicación actual Sala de ubicación Fecha de adquisición Fuente de adquisición Total Checkouts Número de clasificación Código de barras Date last seen Número de ejemplar Price effective from Koha tipo de elemento (item) Public note Coded location qualifier
    Dewey Decimal Classification     Biblioteca Medicina Biblioteca Medicina Circulación 12/12/2024 Donación Diciembre 2024. Sede Tordos.   808 9 BUC 4972 13/12/2024 Ej.1 13/12/2024 LITERATURA Donación Diciembre 2024. Sede Tordos.  

UNIVERSIDAD NACIONAL DEL COMAHUE
Biblioteca de la Facultad de Ciencias Médicas
Sede Toschi: Los Arrayanes y Av. Toschi, Cipolletti  - Rio Negro
Sede Los Tordos:  Yrigoyen al 2211, Cipolletti - Rio Negro 

Teléfono: 0299 - 4774707 int 25
Contacto: biblioteca@facimed.uncoma.edu.ar
© 2011 - 2026